000 02240nam0a2200397 4500
001 RU\NLR\BIBL_A\010903454
005 20260408114414.0
010 _a978-5-9795-1412-3
_970
021 _aRU
_b2015-84835
_95187
035 _a(NILC)RuMoRGB-008057929
035 _a(NLR Aleph) 010903454
090 _a10602761
_c10602761
100 _a20151119d2015 |||y0rusy50 ca
101 0 _aeng
102 _aRU
105 _aa z 100y0
200 1 _aInteractive systems: problems of human-computer interaction
_eIS-2015
_ecollection of scientific papers
_e[consists of reports presented during the 11th International conference (10-12 September, Ulyanovsk, Russia)
_fed. board: Peter Sosnin, Prof. (the resp. ed.) et al.
210 _aUlyanovsk
_cUSTU
_d2015
215 _a306 с.
_cил.
_d24
300 _aВ вып. дан.: Интерактивные системы: проблемы человеко-компьютерного взаимодействия : сборник научных трудов
300 _aВ надзаг.: The Min. of education a. science of the Russian Federation, Russ. assoc. of artificial intelligence, Ulyanovsk state techn. univ. (Russia), Darmstadt univ. of appl. science (Germany) [etc.]
320 _aБиблиогр. в конце ст.
517 1 _aИнтерактивные системы: проблемы человеко-компьютерного взаимодействия
_eсборник научных трудов
606 1 _aИнтерактивные системы
_jСборники
_9975358
_3RU\NLR\AUTH\66366481
610 0 _aинтерактивные системы "человек - ЭВМ"
675 _a681.5
686 1 _aЗ973.2-018.5я43
702 1 _aSosnin
_bP.I.
_gPetr Ivanovič
_4340
711 1 2 _7ba
_8eng
_a"Interactive systems: problems of human-computer interaction", international conference
_d11
_eUlyanovsk
_f2015
_9493635
_3RU\NLR\AUTH\880414215
712 0 1 _4570
_aRussian Federation
_bMinistry of education and science
_8eng
_7ba
_3RU\NLR\AUTH\880370804
_9408137
801 0 _aRU
_bРГБ
_c20151030
_gRCR
942 _cBOOK
980 _aNB